Introduction To Engineering Materials (Record no. 29898)

MARC details
000 -LEADER
fixed length control field 00341nam a22001457a 4500
003 - CONTROL NUMBER IDENTIFIER
control field OSt
005 - DATE AND TIME OF LATEST TRANSACTION
control field 20220210152024.0
008 - FIXED-LENGTH DATA ELEMENTS--GENERAL INFORMATION
fixed length control field 220210b |||||||| |||| 00| 0 eng d
020 ## - INTERNATIONAL STANDARD BOOK NUMBER
International Standard Book Number 0074515055
040 ## - CATALOGING SOURCE
Transcribing agency HU
082 ## - DEWEY DECIMAL CLASSIFICATION NUMBER
Classification number 620.11 AGR
100 ## - MAIN ENTRY--PERSONAL NAME
Personal name Agrawal
9 (RLIN) 23791
245 ## - TITLE STATEMENT
Title Introduction To Engineering Materials
942 ## - ADDED ENTRY ELEMENTS (KOHA)
Source of classification or shelving scheme Dewey Decimal Classification
Koha item type Books like text book referance book
Suppress in OPAC No
Holdings
Withdrawn status Lost status Source of classification or shelving scheme Damaged status Not for loan Home library Current library Shelving location Date acquired Total Checkouts Full call number Barcode Date last seen Copy number Price effective from Koha item type
    Dewey Decimal Classification     IoT Library IoT Library General Stacks 02/10/2022   620.11/AGR/1988 IOTL0006326 02/10/2022 1 02/10/2022 Books like text book referance book
    Dewey Decimal Classification     IoT Library IoT Library General Stacks 02/10/2022   620.11/AGR/1988 IOTL0006327 02/10/2022 2 02/10/2022 Books like text book referance book
    Dewey Decimal Classification     IoT Library IoT Library General Stacks 02/10/2022   620.11/AGR/1988 IOTL0006328 02/10/2022 3 02/10/2022 Books like text book referance book
    Dewey Decimal Classification     IoT Library IoT Library General Stacks 02/10/2022   620.11/AGR/1988 IOTL0006329 02/10/2022 4 02/10/2022 Books like text book referance book
    Dewey Decimal Classification     IoT Library IoT Library General Stacks 02/10/2022   620.11/AGR/1988 IOTL0006330 02/10/2022 5 02/10/2022 Books like text book referance book
    Dewey Decimal Classification     IoT Library IoT Library General Stacks 02/10/2022   620.11/AGR/1988 IOTL0006331 02/10/2022 6 02/10/2022 Books like text book referance book
    Dewey Decimal Classification     IoT Library IoT Library General Stacks 02/10/2022   620.11/AGR/1988 IOTL0006332 02/10/2022 7 02/10/2022 Books like text book referance book